KOHA-Header-6

Introduction To Robotics Mechanics and Control (Record no. 7428)

000 -LEADER
fixed length control field 00277nam a2200109Ia 4500
100 ## - MAIN ENTRY--AUTHOR NAME
Personal name John J. Craig
245 #0 - TITLE STATEMENT
Title Introduction To Robotics Mechanics and Control
260 ## - PUBLICATION, DISTRIBUTION, ETC. (IMPRINT)
Place of publication USA
Name of publisher McGraw-Hill
Year of publication 1999
300 ## - PHYSICAL DESCRIPTION
Number of Pages 450
942 ## - ADDED ENTRY ELEMENTS (KOHA)
Koha item type Books
Holdings
Withdrawn status Lost status Collection code Permanent Location Current Location Shelving location Date acquired Full call number Accession Number Koha item type
    Computer Science MAJU MAJU Shelf No.A32 2019-09-12 005.74 1295 Computer Science

Powered by Koha